Music Quiz

Random Music or Lyrics Quiz
Score 0/186 Timer 06:00
0 Plays Today
% Correct
a
99%
a
99%
a
99%
a
99%
a
99%
I
98.9%
I
98.9%
I
98.9%
I
98.9%
I
98.9%
I
98.9%
I
98.9%
I
98.9%
I
98.9%
I
98.9%
you.
98%
you.
98%
you.
98%
you.
98%
an
97.5%
be
97.5%
be
97.5%
be
97.5%
an
97.5%
be
97.5%
be
97.5%
your
96.9%
your
96.9%
saw
96.9%
saw
96.9%
saw
96.9%
beautiful.
96.5%
beautiful.
96.5%
beautiful,
96.5%
beautiful.
96.5%
beautiful.
96.5%
beautiful.
96.5%
beautiful.
96.5%
beautiful.
96.5%
beautiful,
96.5%
with
96.3%
with
96.3%
with
96.3%
with
96.3%
with
96.3%
with
96.3%
You're
95.7%
You're
95.7%
You're
95.7%
You're
95.7%
You're
95.7%
You're
95.7%
You're
95.7%
You're
95.7%
You're
95.7%
face
95.1%
face
95.1%
face
95.1%
face,
95.1%
face
95.1%
in
94.9%
in
94.9%
% Correct
the
94.2%
the
94.2%
the
94.2%
to
94.1%
to
94.1%
to
94.1%
that
94.1%
that,
94.1%
that
94.1%
that
94.1%
that
94.1%
that
94.1%
it's
94%
it's
94%
it's
94%
it's
94%
angel.
94%
angel
94%
and
93.9%
And
93.9%
and
93.9%
true.
93.7%
true.
93.7%
true.
93.7%
on
93.5%
on
93.5%
on
93.5%
on
93.5%
do,
93%
do,
93%
know
92.8%
know
92.8%
place,
92.5%
place,
92.5%
She
92.5%
She
92.5%
she
92.5%
She
92.5%
she
92.5%
don't
92%
never
92%
don't
92%
don't
92%
never
92%
never
92%
My
91.9%
My
91.9%
My
91.9%
my
91.9%
my
91.9%
what
91.5%
what
91.5%
crowded
91.3%
crowded
91.3%
was
91.3%
was
91.3%
I'll
90.8%
I'll
90.8%
I'll
90.8%
is
90.5%
is
90.5%
is
90.5%
% Correct
smile
90.4%
'cause
90.1%
'cause
90.1%
'cause
90.1%
man.
90%
I'm
89.9%
Of
89.8%
another
89.6%
me
88.9%
sure.
88.7%
But
87.8%
But
87.8%
But
87.8%
her
87.4%
her
87.4%
subway.
87.2%
love
87.1%
life
86.6%
life
86.6%
pure.
85.8%
at
85.7%
will
84.5%
will
84.5%
smiled
83.5%
see
82.7%
see
82.7%
brilliant.
82.3%
brilliant.
82.3%
I've
81.9%
got
81.8%
plan.
81.3%
we
79.8%
we
79.8%
high,
78.1%
flying
77.9%
won't
77.8%
could
77.1%
again.
77%
think
75%
sleep
73.6%
last
72.3%
moment
72.2%
truth.
72.1%
end.
71.9%
time
71.5%
by.
70.9%
shared
70%
from
69.6%
lose
69.2%
as
69.2%
must
68.2%
walked
68.2%
no
67.6%
till
67.6%
There
65.1%
eye,
64.2%
should
63.6%
when
63.4%
thought
61.8%
caught
61.5%
up
50.5%
Yeah,
47.5%
Remove Ads.
Support Sporcle.
Get the best of Sporcle when you Go Orange. This ad-free experience offers more features, more stats, and more fun while also helping to support Sporcle. Thank you for becoming a member.

You're not logged in!

Compare scores with friends on all Sporcle quizzes.
OR
Log In

Show Comments

Extras

Created Jul 30, 2012ReportNominate
Tags:Lyrics Quiz, Song Quiz

Top Quizzes Today


Score Distribution

Your Account Isn't Verified!

In order to create a playlist on Sporcle, you need to verify the email address you used during registration. Go to your Sporcle Settings to finish the process.

Report this User

Report this user for behavior that violates our Community Guidelines.

Details: